[Event "Bayernliga U20 1617"]
[Site "Bayern"]
[Date "2017.01.21"]
[Round "4.5"]
[White "Hoegner, Tom"]
[Black "Tsevas, Andreas"]
[Result "1/2-1/2"]
[WhiteElo "1341"]
[BlackElo "1506"]
[PlyCount "82"]
[EventDate "2016.11.12"]
[EventType "team-tourn"]
[EventRounds "7"]
[EventCountry "GER"]
[SourceTitle "EXT 2022"]
[Source "ChessBase"]
[SourceDate "2021.10.06"]
[SourceVersion "1"]
[SourceVersionDate "2021.10.06"]
[SourceQuality "1"]
[WhiteTeam "Erlangen SC U20"]
[BlackTeam "Muenchen Tarrasch U20"]
[WhiteTeamCountry "GER"]
[BlackTeamCountry "GER"]

1. e4 e5 2. Nf3 Nc6 3. d4 exd4 4. Nxd4 Nf6 5. Nxc6 bxc6 6. e5 Nd5 7. c4 Nb6 8. Nc3 Bb4 9. Qg4 Kf8 10. Bd3 d6 11. Qg3 Be6 12. exd6 cxd6 13. 0-0 Bxc4 14. Bxc4 Nxc4 15. b3 Qf6 16. bxc4 Bxc3 17. Rb1 Qg6 18. Bf4 Qxg3 19. fxg3 Bd4+ 20. Kh1 Be5 21. Bxe5 dxe5 22. Rb7 f6 23. Rc7 Re8 24. Rxc6 Kf7 25. Rd1 Rd8 26. Rxd8 Rxd8 27. Rc7+ Kg6 28. h3 a5 29. Ra7 Rc8 30. Rxa5 Rxc4 31. a3 Rc3 32. g4 h5 33. gxh5+ Kxh5 34. Ra4 g5 35. Ra6 Kg6 36. Ra4 Kf5 37. g4+ Ke6 38. Ra6+ Ke7 39. Kg2 Rd3 40. Ra4 Ke6 41. Ra6+ Ke7 1/2-1/2